000 01274nam a22002537a 4500
003 OSt
005 20250425162026.0
008 231027b |||||||| |||| 00| 0 eng d
020 _a9789584289636
037 _3Donación
040 _aCO-JMCR
_cCO-JMCR
_dCO-JMCR
_erda
041 _aspa
082 _aA-N
_bCHRp1
100 _aChristie, Agatha
_eautor
_942190
245 _aPasajero para Frankfurt /
_cAgatha Christie; traduccion de Ramón Margalef Llambrich
246 _aPassenger to Frankfurt
260 _aBogotá:
_bEditorial Nomos,
_c2020
300 _a227 páginas;
_c19 cm.
520 _aUna novela de intriga política insuperable. Sir Stafford Nye vuela desde Malasia a Londres. Pero el viaje se ve alterado cuando una joven le confiesa que alguien intenta matarla. En un momento de debilidad, Sir Stafford le presta su pasaporte. Sin saberlo, el diplomático acaba de poner en riesgo su vida. Cuando vuelve a encontrarse con la mujer misteriosa, ella es una persona distinta, y él se ve arrastrado a una batalla contra un enemigo invisible y verdaderamente peligroso.
650 _2JMCR
_aLiteratura policiaca
_943393
650 _2JMCR
_aLiteratura
_xPolicías
_943394
700 _aMargalef Llambrich, Ramón
_etraductor
_943395
942 _2ddc
_cBK
999 _c30312
_d16696